MESTSKÁ KNIŽNICA GIRALTOVCE  - online katalóg 

Od Rodina po Moora (Record no. 14988)

000 -NÁVESTIE
fixed length control field 00301nam a2200109 a 4500
008 - ÚDAJE S PEVNOU DĹŽKOU – VŠEOBECNÉ INFORMÁCIE
fixed length control field 101209s1973|||| d
044 ## - KÓD KRAJINY VYDAVATEĽA/PRODUCENTA
Kód krajiny MARC xo
Kód krajiny ISO SK
041 ## - KÓD JAZYKA
Kód jazyka textu/zvukovej stopy alebo samostatných nápisov slo
020 ## - MEDZINÁRODNÉ ŠTANDARDNÉ ČÍSLO KNIHY (ISBN)
Údaje o dostupnosti 85
245 10 - NÁZOV
Názov Od Rodina po Moora
Zvyšok názvu slovník západoeurópskeho sochárstva 20. storočia
260 ## - VYDAVATEĽSKÉ ÚDAJE, DISTRIBÚCIA ATĎ.
Názov vydavateľa, distibútora atď. Tatran
Miesto publikovania, distribúcie atď. Bratislava
Dátum publikovania, distribúcie atď. 1973
Holdings
Stav stiahnutia (Blokovanie) (Withrawn status) Stav straty Stav poškodenia (Damaged status) Nie pre výpožičky (Not for loan) Spôsob nadobudnutia (Collection code) Trvalé umiestnenie Aktuálne umiestnenie Dátum nadobudnutia Náklady, bežná kúpna cena Inventárne číslo (prírastkové číslo) Full call number Dátum posledného výskytu Cena s účinnosťou od Typ jednotky Koha
        Kúpa Mestská knižnica Giraltovce Mestská knižnica Giraltovce 2019-11-29 85.00 14026 I 0125 2019-11-29 2019-11-29 Odborná literatúra pre dospelých

Powered by Koha